Intracellular distribution of chromium and toxicity on growth in Chlorella pyrenoidosa

The effect of chromium on the growth response on green alga Chlorella pyrenoidosa were examined. An increase in chromium concentration caused a significant reduction in the growth of Chlorella cells, and the the EC50value was 1.6 mg/L, while lethal concentration of chromium appears to be approximate...

Teljes leírás

Elmentve itt :
Bibliográfiai részletek
Szerzők: Hörcsik Zsolt Tibor
Balogh Árpád
Testületi szerző: Hungarian Congress on Plant Physiology, 7., 2002, Szeged
Dokumentumtípus: Cikk
Megjelent: 2002
Sorozat:Acta biologica Szegediensis 46 No. 3-4
Kulcsszavak:Természettudomány, Biológia
Online Access:http://acta.bibl.u-szeged.hu/22499
LEADER 01354nab a2200217 i 4500
001 acta22499
005 20210413122451.0
008 161017s2002 hu o 0|| eng d
022 |a 1588-385X 
040 |a SZTE Egyetemi Kiadványok Repozitórium  |b hun 
041 |a eng 
100 1 |a Hörcsik Zsolt Tibor 
245 1 0 |a Intracellular distribution of chromium and toxicity on growth in Chlorella pyrenoidosa  |h [elektronikus dokumentum] /  |c  Hörcsik Zsolt Tibor 
260 |c 2002 
300 |a 57-58 
490 0 |a Acta biologica Szegediensis  |v 46 No. 3-4 
520 3 |a The effect of chromium on the growth response on green alga Chlorella pyrenoidosa were examined. An increase in chromium concentration caused a significant reduction in the growth of Chlorella cells, and the the EC50value was 1.6 mg/L, while lethal concentration of chromium appears to be approximately 20 mg/L. We have investigated the intracellular distribution of chromium, and the elementel composition of the treated cells. Bulk of the chromium is localized in the cell wall, while the membrane and soluble fraction contains the smaller part of the total chromium. 
695 |a Természettudomány, Biológia 
700 0 1 |a Balogh Árpád  |e aut 
710 |a Hungarian Congress on Plant Physiology, 7., 2002, Szeged 
856 4 0 |u http://acta.bibl.u-szeged.hu/22499/1/hoor.pdf  |z Dokumentum-elérés